ბათუმის შოთა რუსთაველის სახელმწიფო უნივერსიტეტის ბიბლიოთეკა

საგანძურები. (ბიბ.ჩანაწერი № 43936)

000 -LEADER
fixed length control field 00872nam a2200241Ia 4500
001 - CONTROL NUMBER
control field 10685
003 - CONTROL NUMBER IDENTIFIER
control field GE_BSU
008 - FIXED-LENGTH DATA ELEMENTS--GENERAL INFORMATION
fixed length control field 181216s||||||||xx |||||||||||||| ||und||
040 ## - CATALOGING SOURCE
Transcribing agency GE_BSU
080 ## - UNIVERSAL DECIMAL CLASSIFICATION NUMBER
Universal Decimal Classification number 087.5:93(479.22)
100 ## - MAIN ENTRY--PERSONAL NAME
Personal name ფრუიძე,ლევან.
245 ## - TITLE STATEMENT
Title საგანძურები.
245 ## - TITLE STATEMENT
Remainder of title საქართველოს სახელმწიფო მუზეუმის სასკოლო ასაკის ბავშვთათვის.
245 ## - TITLE STATEMENT
Statement of responsibility, etc. რედ.მ.სოხაძე; მხატვ. ჯ.ყავლაშვილი.
250 ## - EDITION STATEMENT
Edition statement 1-ლი გამოცემა.
260 ## - PUBLICATION, DISTRIBUTION, ETC.
Place of publication, distribution, etc. თბილისი.
260 ## - PUBLICATION, DISTRIBUTION, ETC.
Name of publisher, distributor, etc. ნაკადული.
260 ## - PUBLICATION, DISTRIBUTION, ETC.
Date of publication, distribution, etc. 1975.
300 ## - PHYSICAL DESCRIPTION
Extent 91გვ;21სმ.
300 ## - PHYSICAL DESCRIPTION
Accompanying material ილ.
653 ## - INDEX TERM--UNCONTROLLED
Uncontrolled term საგანძურები.
942 ## - ADDED ENTRY ELEMENTS (KOHA)
Koha item type წიგნი
ეგზემპლარები
Withdrawn status Lost status Damaged status Not for loan Date acquired Barcode Date last seen Price effective from Koha item type
        2018-12-17 34983 2018-12-17 2018-12-17 წიგნი